| 000 | 00555nam a2200217Ia 4500 | ||
|---|---|---|---|
| 008 | 101110s9999 xx 000 0 und d | ||
| 041 | _aENGLISH | ||
| 082 | _bSR27156 | ||
| 100 | _aWillis Thearon, Crossland Jonathan, Blair Richard D. and others | ||
| 245 | _aBeginning VB NET 2003 | ||
| 260 |
_c2004 _bWiley Pub, New delhi |
||
| 300 | _a820 | ||
| 365 | _b449 | ||
| 520 | _aComputer | ||
| 546 | _aENGLISH | ||
| 630 | _aBeginning VB NET 2003 | ||
| 650 | _aComputer | ||
| 655 | _aComputer | ||
| 730 | _aBeginning VB NET 2003 | ||
| 942 | _cBOOK | ||
| 999 |
_c819712 _d819709 |
||